Recuperación de espacios degradados
Đã lưu trong:
| Tác giả chính: | |
|---|---|
| Định dạng: | Sách |
| Ngôn ngữ: | Tiếng Tây Ban Nha |
| Được phát hành: |
Madrid
Mundi Prensa
2004
|
| Những chủ đề: | |
| Các nhãn: |
Thêm thẻ
Không có thẻ, Là người đầu tiên thẻ bản ghi này!
|
MARC
| LEADER | 00000nam a2200000 a 4500 | ||
|---|---|---|---|
| 001 | UCK7702 | ||
| 003 | CL-VaPUC | ||
| 008 | 051202e20040000SP |||||||||||||||||spa|d | ||
| 020 | |a 8484762114 | ||
| 082 | 0 | 4 | |a 363.7 |b GOM |2 21 |
| 100 | |a Gómez Orea, Domingo |e author |9 579881 | ||
| 245 | 1 | 0 | |a Recuperación de espacios degradados |
| 300 | |a 583 p | ||
| 942 | |c BK | ||
| 945 | |d 20051202 00:00:00 |a jtorresc | ||
| 260 | |a Madrid |b Mundi Prensa |c 2004 | ||
| 650 | 0 | |a Suelos |9 260322 | |
| 650 | 0 | |a Medio ambiente |9 257625 | |
| 650 | 0 | |a Gestión ambiental |9 338121 | |
| 650 | 7 | |a CONSERVACION DE LOS SUELOS |2 CL-VaPUC |9 399949 | |
| 650 | 7 | |a DEGRADACION DEL MEDIO AMBIENTE |2 CL-VaPUC |9 353550 | |
| 583 | |a last modification |c 20051202 00:00:00 |k Rodrigo Vera | ||
| 999 | |c 315553 |d 315551 | ||
| 952 | |0 0 |1 0 |4 0 |6 363_700000000000000_GOM_2004 |7 0 |8 A |9 388914 |a BIBAGR |b BIBAGR |d 2019-11-22 |i 4181514 |l 1 |o 363.7 GOM 2004 |p 4181514 |r 2025-04-08 |s 2025-03-31 |w 2019-11-22 |y BK |k AGR | ||
| 952 | |0 0 |1 0 |4 0 |6 363_700000000000000_GOM_2004 |7 0 |8 A |9 388915 |a BIBING |b BIBING |d 2019-11-22 |i 4697057 |o 363.7 GOM 2004 |p 4697057 |r 2025-01-20 |w 2019-11-22 |y BK |k CCL | ||